La pobreza en Costa Rica: Problemas metodológicos para determinar algunas de sus características /

Guardat en:
Dades bibliogràfiques
Autor principal: Céspedes Solano, Víctor Hugo
Altres autors: Di Mare, Alberto, González Vega, Claudio, Lizano Fait, Eduardo
Format: Text
Publicat: San José: La Academia de Centroamérica
Matèries:
Etiquetes: Afegir etiqueta
Sense etiquetes, Sigues el primer a etiquetar aquest registre!

MARC

LEADER 00000 a a2200000 04500
001 16511
003
040
090 |a 029500  
100 |a Céspedes Solano, Víctor Hugo  
245 |a La pobreza en Costa Rica: Problemas metodológicos para determinar algunas de sus características /  |c Víctor Hugo Céspedes Solano 
260 |a San José:   |b La Academia de Centroamérica  
300 |a p. varia.  
650 |a POBREZA  
700 |a Di Mare, Alberto  
700 |a González Vega, Claudio  
700 |a Lizano Fait, Eduardo  
999 |c 14472  |d 14472